[Event "Pan American-ch School U17 12th"]
[Site "Callao"]
[Date "2023.10.18"]
[Round "5"]
[White "Cuya Huapaya, Joseph Alexis"]
[Black "Salazar Flores, Yerick Alexander"]
[Result "1/2-1/2"]
[WhiteElo "1535"]
[BlackElo "1717"]
[PlyCount "200"]
[EventDate "2023.10.16"]
[EventType "swiss"]
[EventRounds "9"]
[EventCountry "PER"]
[SourceTitle "CBM 217 Extra"]
[Source "ChessBase"]
[SourceDate "2024.01.31"]
[SourceVersion "1"]
[SourceVersionDate "2024.01.31"]
[SourceQuality "1"]

1. e4 e6 2. d4 d5 3. Nd2 c5 4. c3 Nc6 5. Ngf3 Nf6 6. Bd3 dxe4 7. Nxe4 cxd4 8. cxd4 Bb4+ 9. Nc3 0-0 10. 0-0 Kh8 11. a3 Ba5 12. Bc2 Bb6 13. Be3 Ne7 14. Bg5 Neg8 15. Qd3 h6 16. Bh4 g6 17. Rad1 Qd6 18. Ne5 Bd7 19. Bg3 Qe7 20. Nc4 Rfd8 21. Bd6 Qe8 22. Nxb6 axb6 23. Bc7 Rdc8 24. Bxb6 Ne7 25. Qd2 Kg7 26. Bb3 Bc6 27. Bc5 Qd7 28. Bxe7 Qxe7 29. d5 exd5 30. Nxd5 Bxd5 31. Bxd5 Rd8 32. Qc3 Rac8 33. Qf3 Rc7 34. Bb3 Rxd1 35. Rxd1 Qe5 36. Qg3 Qc5 37. h3 Ne4 38. Qf4 Nf6 39. Rd6 Ne8 40. Qd4+ Qxd4 41. Rxd4 Kf8 42. Rd8 Ke7 43. Rb8 Nd6 44. Bd5 Rc5 45. Bf3 Kd7 46. b4 Rc1+ 47. Kh2 Kc7 48. Rh8 h5 49. Bd5 Rd1 50. Bf3 Rd2 51. Kg3 Ra2 52. Ra8 Nf5+ 53. Kf4 Rxf2 54. Ra7 Nd6 55. Ke3 Rf1 56. Ke2 Rc1 57. Ra5 f6 58. Kd2 Ra1 59. Kd3 Ra2 60. a4 Ra3+ 61. Kc2 Kd7 62. Ra8 h4 63. Rg8 Rxa4 64. Kb3 Ra1 65. Rxg6 Ke6 66. Rg4 b5 67. Rxh4 Nc4 68. Re4+ Kd6 69. Rd4+ Ke6 70. Re4+ Kd6 71. Rd4+ Ke6 72. Kc3 Ra3+ 73. Kc2 Ra4 74. Kb3 Ra3+ 75. Kc2 Ra4 76. Re4+ Kd6 77. Rd4+ Ke6 78. Re4+ Kd6 79. Be2 Rxb4 80. Kc3 Ra4 81. Bxc4 bxc4 82. Rxc4 Ra3+ 83. Kb2 Rg3 84. Rc2 f5 85. Kc1 f4 86. Rf2 f3 87. gxf3 Rxh3 88. Kd2 Ke5 89. Ke3 Rh1 90. Re2 Kf5 91. Ra2 Re1+ 92. Kf2 Rb1 93. Ra4 Rc1 94. Ra8 Rc6 95. Ra1 Rc7 96. Ra4 Rc8 97. Rg4 Rc1 98. Ra4 Rc7 99. Rb4 Ra7 100. Rb5+ Kf4 1/2-1/2